[Event "Iran Women Ch.2016"]
[Site "Tehran"]
[Date "2016.01.22"]
[Round "1.1"]
[White "Alavi, Homa"]
[Black "Khademalsharieh, Sarasadat"]
[Result "0-1"]
[BlackElo "2392"]
[WhiteElo "1935"]
[LiveChessVersion "1.4.7"]

1. d4 {[%clk 1:30:58]} Nf6 {[%clk 1:30:56]} 2. g3 {[%clk 1:31:24]} e6
{[%clk 1:30:56]} 3. Bg2 {[%clk 1:31:36]} d5 {[%clk 1:30:58]} 4. Nf3
{[%clk 1:32:01]} c5 {[%clk 1:28:45]} 5. O-O {[%clk 1:30:57]} Nc6 {[%clk 1:28:33]}
6. b3 {[%clk 1:27:19]} cxd4 {[%clk 1:28:00]} 7. Nxd4 {[%clk 1:27:10]} Bc5
{[%clk 1:28:25]} 8. Bb2 {[%clk 1:25:36]} O-O {[%clk 1:28:01]} 9. c4
{[%clk 1:24:14]} dxc4 {[%clk 1:08:33]} 10. Nxc6 {[%clk 1:23:51]} bxc6
{[%clk 1:09:00]} 11. Qxd8 {[%clk 1:15:20]} Rxd8 {[%clk 1:09:25]} 12. Bxc6
{[%clk 1:15:44]} Rb8 {[%clk 1:09:50]} 13. Be5 {[%clk 1:16:00]} cxb3
{[%clk 1:06:49]} 14. Nc3 {[%clk 1:09:49]} Rb6 {[%clk 0:59:45]} 15. Bf3
{[%clk 1:07:18]} b2 {[%clk 0:49:05]} 16. Rab1 {[%clk 1:07:35]} Rb4
{[%clk 0:48:17]} 17. Nd1 {[%clk 1:00:50]} Bd4 {[%clk 0:45:18]} 18. Bxd4
{[%clk 0:58:14]} Rbxd4 {[%clk 0:45:43]} 19. Nxb2 {[%clk 0:58:15]} Ba6
{[%clk 0:44:10]} 20. Rfd1 {[%clk 0:56:37]} g5 {[%clk 0:44:08]} 21. e3
{[%clk 0:54:35]} Rd2 {[%clk 0:44:01]} 22. h3 {[%clk 0:47:44]} R8d7
{[%clk 0:43:26]} 23. a3 h5 24. g4 {[%clk 0:41:06]} hxg4 {[%clk 0:36:27]} 25. hxg4
{[%clk 0:41:34]} e5 {[%clk 0:36:38]} 26. e4 {[%clk 0:22:45]} Kg7 {[%clk 0:32:51]}
27. Kg2 {[%clk 0:19:57]} R7d4 {[%clk 0:31:03]} 28. a4 {[%clk 0:11:53]} Rxd1
{[%clk 0:22:48]} 29. Rxd1 {[%clk 0:11:45]} Rb4 {[%clk 0:21:22]} 30. Rd6
{[%clk 0:08:24]} Bb7 {[%clk 0:21:46]} 31. Nd3 {[%clk 0:08:02]} Rxa4
{[%clk 0:22:10]} 32. Nc5 {[%clk 0:04:22]} Rb4 {[%clk 0:22:34]} 33. Nxb7
{[%clk 0:04:47]} Rxb7 {[%clk 0:22:59]} 34. Ra6 {[%clk 0:05:08]} Rc7
{[%clk 0:19:52]} 35. Ra5 {[%clk 0:03:46]} Nd7 {[%clk 0:20:15]} 36. Be2
{[%clk 0:03:47]} Nc5 {[%clk 0:20:07]} 37. f3 {[%clk 0:02:26]} Ne6
{[%clk 0:18:24]} 38. Ra2 {[%clk 0:00:58]} Nf4+ {[%clk 0:17:58]} 39. Kf2
{[%clk 0:01:27]} Rc5 {[%clk 0:17:41]} 40. Ba6 {[%clk 0:01:33]} Kf6
{[%clk 0:17:21]} 41. Ra3 {[%clk 0:00:53]} Ke7 {[%clk 0:14:55]} 42. Rb3
{[%clk 0:00:50]} Kd6 {[%clk 0:13:55]} 43. Rb7 {[%clk 0:00:40]} Rc7
{[%clk 0:14:19]} 44. Rb5 {[%clk 0:01:04]} Rc2+ {[%clk 0:14:19]} 45. Kf1
{[%clk 0:01:33]} Rc1+ {[%clk 0:11:51]} 46. Kf2 {[%clk 0:02:01]} Nd3+
{[%clk 0:09:06]} 47. Ke3 {[%clk 0:01:30]} Nc5 {[%clk 0:09:32]} 48. Ra5
{[%clk 0:01:06]} Rc3+ {[%clk 0:09:15]} 49. Ke2 {[%clk 0:01:34]} Kc7
{[%clk 0:08:53]} 50. Ra2 {[%clk 0:00:59]} Kb6 {[%clk 0:08:47]} 51. Kd2
{[%clk 0:00:49]} Rxf3 {[%clk 0:09:10]} 52. Be2 {[%clk 0:01:08]} Nxe4+
{[%clk 0:09:01]} 53. Kc2 {[%clk 0:01:37]} Rc3+ {[%clk 0:09:04]} 54. Kb2
{[%clk 0:02:07]} a5 {[%clk 0:09:09]} 55. Ra4 {[%clk 0:02:16]} Re3
{[%clk 0:09:29]} 56. Bc4 {[%clk 0:02:44]} f6 {[%clk 0:09:31]} 57. Bd5
{[%clk 0:02:58]} Nc3 {[%clk 0:09:54]} 0-1

[Event "Iran Women Ch.2016"]
[Site "Tehran"]
[Date "2016.01.22"]
[Round "1.2"]
[White "Hejazipour, Mitra"]
[Black "Jafari, Golnaz"]
[Result "1-0"]
[BlackElo "1909"]
[WhiteElo "2357"]
[LiveChessVersion "1.4.7"]

1. d4 Nf6 2. c4 e6 3. Nf3 b6 4. g3 Ba6 5. b3 Bb4+ 6. Bd2 Be7 7. Bg2 c6 8. O-O d5
9. Ne5 Nfd7 10. Nxd7 Nxd7 11. Nc3 O-O 12. a4 dxc4 13. Bxc6 Rc8 14. Bb5 Bxb5 15.
axb5 Bf6 16. e3 e5 17. d5 cxb3 18. e4 Nc5 19. Be3 Qd7 20. Qd2 Be7 21. Rab1 Nb7
22. Rxb3 Na5 23. Rbb1 Nc4 24. Qd3 Rc7 25. d6 Nxe3 26. fxe3 Qxd6 27. Nd5 Rd7 28.
Rbc1 Rfd8 29. Rc6 Qb8 30. Qe2 Bc5 31. Rf5 Rxd5 32. exd5 Rxd5 33. Rxf7 Qd8 34. Rf1
Rd3 35. Qxd3 1-0

[Event "Iran Women Ch.2016"]
[Site "Tehran"]
[Date "2016.01.22"]
[Round "1.3"]
[White "Asgharzadeh, Mitra"]
[Black "Pourkashiyan, Atousa"]
[Result "0-1"]
[BlackElo "2338"]
[WhiteElo "1907"]
[LiveChessVersion "1.4.7"]

1. Nf3 Nf6 2. g3 d5 3. Bg2 c6 4. O-O Bg4 5. d3 Nbd7 6. Nbd2 e5 {[%clk 1:30:50]}
7. h3 {[%clk 1:30:54]} Bh5 {[%clk 1:30:50]} 8. e4 {[%clk 1:28:16]} Bd6
{[%clk 1:20:51]} 9. Re1 {[%clk 1:21:25]} O-O {[%clk 1:19:38]} 10. b3
{[%clk 1:18:52]} Re8 {[%clk 1:16:36]} 11. Bb2 {[%clk 1:18:39]} Qc7
{[%clk 1:14:00]} 12. Qe2 {[%clk 1:15:13]} a5 {[%clk 1:08:13]} 13. a3
{[%clk 1:09:04]} a4 {[%clk 0:57:25]} 14. b4 {[%clk 1:00:55]} d4 {[%clk 0:52:06]}
15. c3 {[%clk 0:56:59]} dxc3 {[%clk 0:37:00]} 16. Bxc3 {[%clk 0:57:17]} Rad8
{[%clk 0:36:49]} 17. Nc4 {[%clk 0:55:00]} Bxf3 {[%clk 0:19:16]} 18. Bxf3
{[%clk 0:53:02]} Nf8 {[%clk 0:18:45]} 19. Rac1 {[%clk 0:43:22]} Ne6
{[%clk 0:12:01]} 20. Qc2 {[%clk 0:37:28]} b5 {[%clk 0:09:57]} 21. Ne3
{[%clk 0:37:10]} c5 {[%clk 0:07:54]} 22. Qb2 {[%clk 0:29:54]} Qb8
{[%clk 0:07:17]} 23. Red1 {[%clk 0:26:11]} cxb4 {[%clk 0:06:47]} 24. axb4
{[%clk 0:24:57]} Nd4 {[%clk 0:06:14]} 25. Bxd4 {[%clk 0:23:43]} exd4
{[%clk 0:06:42]} 26. Nf5 {[%clk 0:21:24]} Bf8 {[%clk 0:05:52]} 27. Bg2
{[%clk 0:20:35]} g6 {[%clk 0:05:53]} 28. Nh4 {[%clk 0:17:52]} Nh5
{[%clk 0:05:46]} 29. Nf3 {[%clk 0:15:59]} Qa7 {[%clk 0:02:23]} 30. Rc2
{[%clk 0:14:26]} Rd7 {[%clk 0:01:35]} 31. Rdc1 {[%clk 0:13:41]} Ng7
{[%clk 0:01:47]} 32. Nd2 {[%clk 0:13:08]} Qb8 {[%clk 0:01:15]} 33. Nf1
{[%clk 0:09:50]} Ne6 {[%clk 0:01:08]} 34. f4 {[%clk 0:09:45]} Red8
{[%clk 0:00:45]} 35. e5 {[%clk 0:09:02]} Rc7 {[%clk 0:00:47]} 36. Rxc7
{[%clk 0:04:18]} Nxc7 {[%clk 0:01:16]} 37. Nd2 {[%clk 0:04:24]} Na6
{[%clk 0:01:16]} 38. Ne4 {[%clk 0:03:39]} Nxb4 {[%clk 0:01:37]} 39. Bf1
{[%clk 0:03:28]} Qa7 {[%clk 0:00:43]} 40. Nd2 {[%clk 0:02:50]} Qb6
{[%clk 0:00:38]} 41. Qb1 {[%clk 0:01:09]} Nd5 {[%clk 0:00:50]} 42. Kf2
{[%clk 0:01:11]} Nc3 {[%clk 0:00:52]} 43. Qb2 {[%clk 0:01:21]} Qe6
{[%clk 0:00:44]} 44. Bg2 {[%clk 0:00:58]} b4 {[%clk 0:00:39]} 45. Nc4
{[%clk 0:01:03]} b3 {[%clk 0:00:56]} 46. Ke1 {[%clk 0:00:56]} Rc8
{[%clk 0:01:10]} 47. Kd2 {[%clk 0:01:04]} Bb4 0-1

[Event "Iran Women Ch.2016"]
[Site "Tehran"]
[Date "2016.01.22"]
[Round "1.4"]
[White "Hakimifard, Ghazal"]
[Black "Ghazizadeh, Asana"]
[Result "1-0"]
[BlackElo "1864"]
[WhiteElo "2181"]
[LiveChessVersion "1.4.7"]

1. d4 {[%clk 1:30:49]} e6 {[%clk 1:30:53]} 2. c4 {[%clk 1:31:08]} Nf6
{[%clk 1:31:17]} 3. Nf3 {[%clk 1:31:31]} Bb4+ {[%clk 1:31:33]} 4. Bd2
{[%clk 1:27:28]} c5 {[%clk 1:31:25]} 5. e3 {[%clk 1:26:06]} O-O {[%clk 1:28:21]}
6. Bxb4 {[%clk 1:23:47]} cxb4 {[%clk 1:28:46]} 7. Bd3 {[%clk 1:24:01]} Nc6
{[%clk 1:25:07]} 8. O-O {[%clk 1:22:49]} d6 {[%clk 1:22:04]} 9. Nbd2
{[%clk 1:19:17]} e5 {[%clk 1:19:24]} 10. d5 {[%clk 1:09:13]} Ne7 {[%clk 1:16:26]}
11. Nh4 {[%clk 0:57:11]} b5 {[%clk 1:07:46]} 12. e4 {[%clk 0:54:40]} Nd7
{[%clk 0:59:11]} 13. cxb5 {[%clk 0:47:20]} Nxd5 {[%clk 0:55:20]} 14. exd5
{[%clk 0:41:53]} Qxh4 {[%clk 0:55:43]} 15. Ne4 {[%clk 0:41:43]} Qh6
{[%clk 0:51:25]} 16. Qc1 {[%clk 0:37:53]} Qxc1 {[%clk 0:35:25]} 17. Rfxc1
{[%clk 0:36:21]} Nb6 {[%clk 0:33:10]} 18. Nxd6 {[%clk 0:36:27]} Nxd5
{[%clk 0:19:18]} 19. Be4 {[%clk 0:36:16]} Be6 {[%clk 0:19:37]} 20. Rd1
{[%clk 0:34:46]} Rad8 {[%clk 0:19:25]} 21. Nb7 {[%clk 0:34:39]} Rb8
{[%clk 0:19:29]} 22. Rxd5 {[%clk 0:29:07]} Rxb7 {[%clk 0:15:25]} 23. Rxe5
{[%clk 0:29:02]} Rd7 {[%clk 0:15:20]} 24. f4 {[%clk 0:25:17]} Rd2
{[%clk 0:14:04]} 25. f5 {[%clk 0:22:07]} Bd7 {[%clk 0:13:11]} 26. Rc1
{[%clk 0:15:33]} Re2 {[%clk 0:05:20]} 27. Rcc5 {[%clk 0:15:00]} g6
{[%clk 0:05:11]} 28. fxg6 {[%clk 0:10:57]} hxg6 {[%clk 0:05:33]} 29. Bc6
{[%clk 0:08:07]} Rxe5 {[%clk 0:04:48]} 30. Rxe5 {[%clk 0:08:36]} Bxc6
{[%clk 0:05:06]} 31. bxc6 {[%clk 0:09:05]} Rc8 {[%clk 0:05:25]} 32. Rc5
{[%clk 0:09:21]} Kf8 {[%clk 0:05:32]} 33. g4 {[%clk 0:08:52]} Ke7
{[%clk 0:04:32]} 34. h4 {[%clk 0:08:31]} Kd6 {[%clk 0:03:52]} 35. Rc4
{[%clk 0:08:40]} a5 {[%clk 0:03:50]} 36. c7 {[%clk 0:08:28]} f5 {[%clk 0:01:54]}
37. gxf5 {[%clk 0:08:23]} gxf5 {[%clk 0:02:20]} 38. Kf2 {[%clk 0:08:41]} Kd5
{[%clk 0:01:44]} 39. b3 {[%clk 0:08:56]} Kd6 {[%clk 0:01:01]} 40. Kf3
{[%clk 0:09:18]} Ke5 {[%clk 0:01:21]} 41. h5 {[%clk 0:09:11]} f4 {[%clk 0:01:05]}
42. h6 {[%clk 0:09:06]} Kf6 {[%clk 0:01:28]} 43. Rc6+ {[%clk 0:09:11]} Kf7
{[%clk 0:01:50]} 44. Kxf4 {[%clk 0:09:35]} Ke7 {[%clk 0:01:50]} 45. Ke5
{[%clk 0:09:51]} Kd7 {[%clk 0:01:57]} 46. Kd5 {[%clk 0:10:16]} 1-0

[Event "Iran Women Ch.2016"]
[Site "Tehran"]
[Date "2016.01.22"]
[Round "1.5"]
[White "Mobarhani, Nazanin"]
[Black "Asgarizadeh, Minoo"]
[Result "0-1"]
[BlackElo "2167"]
[WhiteElo "1856"]
[LiveChessVersion "1.4.7"]

1. d4 {[%clk 1:30:44]} d5 {[%clk 1:30:41]} 2. c4 {[%clk 1:31:07]} dxc4
{[%clk 1:30:56]} 3. e3 {[%clk 1:31:30]} e5 {[%clk 1:30:53]} 4. Bxc4
{[%clk 1:30:39]} exd4 {[%clk 1:31:17]} 5. exd4 {[%clk 1:30:37]} Nf6
{[%clk 1:30:56]} 6. Nc3 {[%clk 1:25:08]} Bd6 {[%clk 1:29:29]} 7. Nf3
{[%clk 1:22:49]} O-O {[%clk 1:29:53]} 8. O-O {[%clk 1:21:27]} Nc6
{[%clk 1:29:28]} 9. h3 {[%clk 1:17:32]} h6 {[%clk 1:22:53]} 10. a3
{[%clk 1:15:38]} a6 {[%clk 1:21:52]} 11. Qc2 {[%clk 1:12:17]} b5 {[%clk 1:06:01]}
12. Ba2 {[%clk 1:08:27]} Ne7 {[%clk 1:00:40]} 13. Nh4 {[%clk 0:54:53]} Kh8
{[%clk 0:42:23]} 14. Re1 {[%clk 0:34:14]} Bb7 {[%clk 0:38:01]} 15. Bd2
{[%clk 0:20:33]} Qd7 {[%clk 0:33:43]} 16. Bb1 {[%clk 0:16:08]} Rae8
{[%clk 0:28:56]} 17. Nf5 {[%clk 0:10:00]} Nxf5 {[%clk 0:27:45]} 18. Qxf5
{[%clk 0:10:25]} Rxe1+ {[%clk 0:27:18]} 19. Bxe1 {[%clk 0:10:51]} Re8
{[%clk 0:23:34]} 20. Bd2 {[%clk 0:10:12]} Qe7 {[%clk 0:20:47]} 21. Bc2
{[%clk 0:07:40]} g6 {[%clk 0:13:01]} 22. Qd3 {[%clk 0:07:55]} Kg7
{[%clk 0:12:58]} 23. Qe3 {[%clk 0:06:02]} Qxe3 {[%clk 0:12:02]} 24. Bxe3
{[%clk 0:05:23]} Nd5 {[%clk 0:12:04]} 25. Nxd5 {[%clk 0:04:59]} Bxd5
{[%clk 0:12:30]} 26. Bd3 {[%clk 0:04:14]} Bb3 {[%clk 0:09:11]} 27. Re1
{[%clk 0:03:53]} Re7 {[%clk 0:08:57]} 28. Bd2 {[%clk 0:03:31]} Rxe1+
{[%clk 0:08:22]} 29. Bxe1 {[%clk 0:04:01]} Kf6 {[%clk 0:08:36]} 30. Kf1
{[%clk 0:03:28]} Bd5 {[%clk 0:08:34]} 31. Bd2 {[%clk 0:02:29]} h5
{[%clk 0:08:39]} 32. f3 {[%clk 0:01:31]} Ke6 {[%clk 0:07:32]} 33. Ke2
{[%clk 0:01:15]} f5 {[%clk 0:06:38]} 34. g4 {[%clk 0:01:01]} Kf6 {[%clk 0:05:54]}
35. g5+ {[%clk 0:00:40]} Ke6 {[%clk 0:06:20]} 36. f4 {[%clk 0:00:47]} h4
{[%clk 0:05:27]} 37. Ke3 {[%clk 0:00:45]} c5 {[%clk 0:05:06]} 38. Bf1
{[%clk 0:00:37]} Be4 {[%clk 0:03:52]} 39. Bc3 {[%clk 0:00:36]} Kd5
{[%clk 0:03:26]} 40. dxc5 {[%clk 0:00:42]} Bxc5+ {[%clk 0:03:55]} 41. Ke2
{[%clk 0:00:41]} Bh1 {[%clk 0:03:32]} 42. Kd3 {[%clk 0:00:53]} Bf2
{[%clk 0:03:03]} 43. Be5 {[%clk 0:00:38]} Be4+ {[%clk 0:02:46]} 44. Kc3
{[%clk 0:00:40]} Be1+ {[%clk 0:01:56]} 45. Kb3 {[%clk 0:00:56]} Kc5
{[%clk 0:02:11]} 46. Bc3 {[%clk 0:00:40]} Bg3 {[%clk 0:02:09]} 47. Bd2
{[%clk 0:00:47]} Bd5+ {[%clk 0:02:01]} 48. Kc3 {[%clk 0:01:03]} Be4
{[%clk 0:01:35]} 49. Be3+ {[%clk 0:01:16]} Kd5 {[%clk 0:02:01]} 50. Bd2
{[%clk 0:01:09]} Bf2 {[%clk 0:02:09]} 51. b4 {[%clk 0:00:43]} Bd4+
{[%clk 0:01:59]} 52. Kb3 {[%clk 0:01:13]} Bf3 {[%clk 0:02:11]} 53. Ka2
{[%clk 0:00:34]} Bd1 {[%clk 0:01:21]} 54. Bd3 {[%clk 0:00:45]} Bf3
{[%clk 0:01:23]} 55. Bf1 {[%clk 0:01:11]} Bd1 {[%clk 0:01:12]} 56. Bd3
{[%clk 0:01:40]} Bf3 {[%clk 0:01:38]} 57. Bf1 {[%clk 0:02:07]} Ke4
{[%clk 0:01:18]} 58. a4 {[%clk 0:02:18]} Be3 {[%clk 0:01:24]} 59. Bxe3
{[%clk 0:02:09]} Kxe3 {[%clk 0:01:50]} 60. axb5 {[%clk 0:02:30]} axb5
{[%clk 0:02:16]} 61. Bxb5 {[%clk 0:02:57]} Kxf4 {[%clk 0:02:42]} 62. Be8
{[%clk 0:01:16]} Kxg5 {[%clk 0:03:10]} 63. b5 {[%clk 0:01:31]} Kf6
{[%clk 0:03:30]} 64. Kb3 {[%clk 0:00:56]} Bb7 {[%clk 0:03:11]} 65. Kc4
{[%clk 0:00:41]} g5 {[%clk 0:03:31]} 66. Kc5 {[%clk 0:00:37]} g4 {[%clk 0:02:30]}
67. Bc6 {[%clk 0:00:48]} Bc8 {[%clk 0:02:28]} 68. hxg4 {[%clk 0:00:48]} fxg4
{[%clk 0:02:46]} 69. Kd4 {[%clk 0:00:43]} Ke6 {[%clk 0:01:36]} 70. Ke3
{[%clk 0:00:55]} Kd6 {[%clk 0:01:37]} 71. Kf4 {[%clk 0:00:40]} g3
{[%clk 0:01:47]} 72. Kf3 {[%clk 0:00:38]} Bd7 {[%clk 0:02:07]} 73. Be4
{[%clk 0:00:39]} Bxb5 {[%clk 0:02:28]} 74. Kg4 {[%clk 0:00:37]} Ke5
{[%clk 0:02:27]} 75. Kxh4 {[%clk 0:00:36]} Kf4 {[%clk 0:02:56]} 76. Bg2
{[%clk 0:00:51]} Bd7 {[%clk 0:02:52]} 77. Bh1 {[%clk 0:00:37]} Be6
{[%clk 0:03:10]} 78. Bc6 {[%clk 0:00:43]} Bg4 {[%clk 0:03:11]} 79. Bg2
{[%clk 0:00:54]} Be2 {[%clk 0:03:32]} 80. Bh3 {[%clk 0:00:46]} Kf3
{[%clk 0:03:50]} 81. Kg5 {[%clk 0:00:38]} Bd3 {[%clk 0:04:06]} 82. Kh4
{[%clk 0:00:34]} Bf5 {[%clk 0:02:17]} 0-1

[Event "Iran Women Ch.2016"]
[Site "Tehran"]
[Date "2016.01.22"]
[Round "1.6"]
[White "Alinasab, Mobina"]
[Black "Davoodi, Yasaman"]
[Result "1-0"]
[BlackElo "1844"]
[WhiteElo "2112"]
[LiveChessVersion "1.4.7"]

1. e4 {[%clk 1:30:55]} e6 {[%clk 1:30:50]} 2. d4 {[%clk 1:31:14]} d5
{[%clk 1:31:11]} 3. Nd2 {[%clk 1:31:37]} dxe4 {[%clk 1:31:23]} 4. Nxe4
{[%clk 1:31:59]} Bd7 {[%clk 1:31:50]} 5. Nf3 {[%clk 1:32:14]} Bc6
{[%clk 1:31:48]} 6. Bd3 {[%clk 1:31:51]} Nf6 {[%clk 1:30:32]} 7. Nxf6+
{[%clk 1:29:06]} gxf6 {[%clk 1:30:47]} 8. c3 {[%clk 1:27:25]} Nd7
{[%clk 1:23:25]} 9. Qe2 {[%clk 1:24:02]} Nb6 {[%clk 1:20:33]} 10. Bf4
{[%clk 1:18:11]} Nd5 {[%clk 1:15:32]} 11. Bd2 {[%clk 1:10:48]} Be7
{[%clk 1:09:06]} 12. O-O-O {[%clk 1:10:33]} Qd6 {[%clk 1:05:31]} 13. g3
{[%clk 1:01:44]} O-O-O {[%clk 1:05:11]} 14. c4 {[%clk 0:51:57]} Nb4
{[%clk 1:01:47]} 15. Bb1 {[%clk 0:49:09]} Ba4 {[%clk 0:36:22]} 16. Rde1
{[%clk 0:39:21]} Bc6 {[%clk 0:22:21]} 17. d5 {[%clk 0:25:34]} Bd7
{[%clk 0:22:40]} 18. a3 {[%clk 0:25:16]} Na6 {[%clk 0:22:29]} 19. Bf4
{[%clk 0:21:52]} Qb6 {[%clk 0:11:05]} 20. Be3 {[%clk 0:11:00]} Bc5
{[%clk 0:10:30]} 21. dxe6 {[%clk 0:07:18]} fxe6 {[%clk 0:09:18]} 22. Bc2
{[%clk 0:06:56]} e5 {[%clk 0:08:31]} 23. Bxc5 {[%clk 0:04:12]} Nxc5
{[%clk 0:07:19]} 24. Qe3 {[%clk 0:02:35]} Bc6 {[%clk 0:07:23]} 25. b4
{[%clk 0:02:09]} Ne6 {[%clk 0:05:58]} 26. Qxb6 {[%clk 0:01:33]} cxb6
{[%clk 0:05:47]} 27. Be4 {[%clk 0:01:39]} Nd4 {[%clk 0:05:13]} 28. Nd2
{[%clk 0:01:46]} h5 {[%clk 0:03:42]} 29. Bxc6 {[%clk 0:01:01]} bxc6
{[%clk 0:04:07]} 30. h4 {[%clk 0:00:47]} Kc7 {[%clk 0:01:12]} 31. Ne4
{[%clk 0:00:52]} Rh6 {[%clk 0:01:15]} 32. Re3 {[%clk 0:01:09]} Nf5
{[%clk 0:01:08]} 33. Rf3 {[%clk 0:00:48]} Rd4 {[%clk 0:01:35]} 34. Nd2
{[%clk 0:00:47]} Nd6 {[%clk 0:01:48]} 35. c5 {[%clk 0:00:43]} bxc5
{[%clk 0:02:14]} 36. bxc5 {[%clk 0:01:11]} Nb7 {[%clk 0:02:34]} 37. Rc3
{[%clk 0:01:33]} Rd5 {[%clk 0:01:43]} 38. Nb3 {[%clk 0:01:48]} f5
{[%clk 0:01:13]} 39. Rd1 {[%clk 0:01:57]} e4 {[%clk 0:00:45]} 40. Rxd5
{[%clk 0:02:05]} cxd5 {[%clk 0:01:13]} 41. Nd4 {[%clk 0:02:34]} Rf6
{[%clk 0:01:06]} 42. Nb5+ {[%clk 0:01:59]} Kd7 {[%clk 0:00:47]} 43. Nxa7
{[%clk 0:01:02]} Na5 {[%clk 0:00:47]} 44. Nb5 {[%clk 0:00:43]} Nc6
{[%clk 0:00:47]} 45. Nd6 {[%clk 0:00:35]} f4 {[%clk 0:00:40]} 46. Rb3
{[%clk 0:00:36]} f3 {[%clk 0:00:52]} 47. Rb7+ {[%clk 0:00:52]} Ke6
{[%clk 0:01:13]} 48. Kd2 {[%clk 0:00:53]} Na5 {[%clk 0:00:34]} 49. Rb4
{[%clk 0:00:37]} Kd7 {[%clk 0:00:41]} 50. Rb5 {[%clk 0:00:45]} Nc6
{[%clk 0:00:42]} 51. Rb7+ {[%clk 0:01:07]} Ke6 {[%clk 0:01:08]} 52. Nc8
{[%clk 0:00:41]} d4 {[%clk 0:00:37]} 53. Rc7 {[%clk 0:00:38]} Kd5
{[%clk 0:00:53]} 54. Nb6+ {[%clk 0:00:39]} Kxc5 {[%clk 0:01:02]} 55. Nd7+
{[%clk 0:01:07]} Kd6 {[%clk 0:01:30]} 56. Rxc6+ {[%clk 0:01:25]} Kxc6
{[%clk 0:01:58]} 57. Nxf6 {[%clk 0:01:54]} 1-0

[Event "Iran Women Ch.2016"]
[Site "Tehran"]
[Date "2016.01.22"]
[Round "1.7"]
[White "Asadi, Motahare"]
[Black "Hakimifard, Raana"]
[Result "1-0"]
[BlackElo "2073"]
[WhiteElo "1833"]
[LiveChessVersion "1.4.7"]

1. d4 {[%clk 1:30:34]} Nf6 {[%clk 1:30:55]} 2. c4 {[%clk 1:30:56]} e6
{[%clk 1:31:20]} 3. Nf3 {[%clk 1:31:19]} Bb4+ {[%clk 1:31:44]} 4. Bd2
{[%clk 1:31:40]} a5 {[%clk 1:32:08]} 5. a3 {[%clk 1:30:31]} Bxd2+
{[%clk 1:32:20]} 6. Qxd2 {[%clk 1:30:55]} b6 {[%clk 1:30:00]} 7. Nc3
{[%clk 1:30:57]} Bb7 {[%clk 1:29:47]} 8. Qc2 {[%clk 1:30:50]} O-O
{[%clk 1:22:32]} 9. e4 {[%clk 1:23:08]} Nh5 {[%clk 1:08:11]} 10. h4
{[%clk 1:00:14]} f5 {[%clk 0:58:09]} 11. O-O-O {[%clk 0:37:35]} Qf6
{[%clk 0:53:35]} 12. e5 {[%clk 0:25:31]} Qe7 {[%clk 0:49:31]} 13. d5
{[%clk 0:24:01]} Na6 {[%clk 0:46:13]} 14. g3 {[%clk 0:23:27]} Rad8
{[%clk 0:38:45]} 15. Bg2 {[%clk 0:22:40]} g6 {[%clk 0:34:14]} 16. Rhe1
{[%clk 0:21:29]} Rc8 {[%clk 0:29:49]} 17. Ng5 {[%clk 0:18:04]} c6
{[%clk 0:28:55]} 18. dxe6 {[%clk 0:17:40]} dxe6 {[%clk 0:28:59]} 19. Rd6
{[%clk 0:17:26]} Ng7 {[%clk 0:28:47]} 20. Red1 {[%clk 0:17:00]} Rc7
{[%clk 0:24:49]} 21. Qb3 {[%clk 0:12:11]} b5 {[%clk 0:20:00]} 22. cxb5
{[%clk 0:08:39]} Nc5 {[%clk 0:20:22]} 23. Qa2 {[%clk 0:09:03]} cxb5
{[%clk 0:20:37]} 24. Bxb7 {[%clk 0:09:25]} Rxb7 {[%clk 0:20:46]} 25. Rc6
{[%clk 0:07:17]} b4 {[%clk 0:15:31]} 26. Nd5 {[%clk 0:06:30]} exd5
{[%clk 0:09:20]} 27. Qxd5+ {[%clk 0:06:39]} Kh8 {[%clk 0:09:45]} 28. Qxc5
{[%clk 0:07:00]} bxa3 {[%clk 0:09:58]} 29. bxa3 {[%clk 0:05:47]} Qxc5+
{[%clk 0:07:33]} 30. Rxc5 {[%clk 0:06:09]} h6 {[%clk 0:07:42]} 31. Nh3
{[%clk 0:06:03]} Rfb8 {[%clk 0:07:40]} 32. Kd2 {[%clk 0:04:44]} Rb5
{[%clk 0:05:27]} 33. Rdc1 {[%clk 0:04:48]} Ne6 {[%clk 0:05:16]} 34. Rxb5
{[%clk 0:03:52]} Rxb5 {[%clk 0:05:44]} 35. f4 {[%clk 0:04:13]} Kg7
{[%clk 0:02:45]} 36. Nf2 {[%clk 0:04:03]} Rd5+ {[%clk 0:02:11]} 37. Ke3
{[%clk 0:04:00]} Rb5 {[%clk 0:02:26]} 38. Rc3 {[%clk 0:03:48]} Kf7
{[%clk 0:02:39]} 39. Nd3 {[%clk 0:03:42]} Ke7 {[%clk 0:02:39]} 40. Rc4
{[%clk 0:00:49]} Kd7 {[%clk 0:01:29]} 41. a4 {[%clk 0:00:50]} Rd5
{[%clk 0:01:18]} 42. Rc3 {[%clk 0:00:58]} Ke7 {[%clk 0:01:14]} 43. Rb3
{[%clk 0:01:18]} Rd4 {[%clk 0:00:52]} 44. Rb7+ {[%clk 0:01:28]} Kd8
{[%clk 0:00:47]} 45. Nc5 {[%clk 0:01:24]} Nxc5 {[%clk 0:00:46]} 46. Rb8+
{[%clk 0:01:48]} Kc7 {[%clk 0:00:49]} 47. Kxd4 {[%clk 0:02:13]} Nxa4
{[%clk 0:00:44]} 48. Rb5 {[%clk 0:02:19]} 1-0

[Event "Iran Women Ch.2016"]
[Site "Tehran"]
[Date "2016.01.22"]
[Round "1.8"]
[White "Zahedifar, Anahita"]
[Black "Hamedi Nia, Vesal"]
[Result "1-0"]
[BlackElo "1833"]
[WhiteElo "1982"]
[LiveChessVersion "1.4.7"]

1. d4 d5 2. c4 e6 3. Nc3 Nf6 4. cxd5 exd5 5. Bg5 c6 6. e3 Be7 7. Qc2 Be6 8. Bd3
h6 9. Bf4 Bd6 10. Bg3 Bxg3 11. hxg3 Nbd7 12. Nge2 Nb6 13. Nf4 Bd7 14. O-O-O Qe7
15. Rde1 O-O-O 16. Kb1 Kb8 17. Rc1 Rhe8 18. Rhe1 g5 19. Nfe2 Ne4 20. Rf1 Rc8 21.
Qd1 Bf5 22. Ka1 Rcd8 23. Qc2 Bg6 24. Ng1 Nxc3 25. Qxc3 Bxd3 26. Qxd3 Qe4 27. Qxe4
dxe4 28. Ne2 Rd6 29. g4 Nd5 30. Ng3 Rg6 31. Rce1 Nb4 32. Kb1 Nd3 33. Re2 c5 34.
dxc5 Nxc5 35. f3 exf3 36. gxf3 Rb6 37. Nf5 Nd3 38. Rd2 Ne5 39. Rd4 a6 40. Re4
Ree6 41. Nd4 Re7 42. f4 gxf4 43. exf4 Ng6 44. Rfe1 Rxe4 45. Rxe4 Kc7 46. f5 Nh8
47. Kc2 Kd7 48. Nf3 f6 49. Nd4 Rd6 50. Ne6 Nf7 51. Nf8+ Kc6 52. Ng6 Ng5 53. Rc4+
Kb5 54. b3 Nf3 55. a4+ Kb6 56. Kc3 Nd2 57. Rf4 a5 58. Nf8 Kc6 59. Ne6 Nb1+ 60.
Kc2 Nd2 61. Nd4+ Kc5 62. Nb5 Rd7 63. Nc3 b6 64. Rf2 Kb4 65. Rxd2 Rxd2+ 66. Kxd2
Kxb3 67. Kd3 Kb4 68. Nd5+ Kxa4 69. Nxb6+ Kb3 70. Nc4 a4 71. Nd2+ Kb4 72. Ne4 a3
73. Kc2 Kc4 74. Nxf6 1-0

[Event "Iran Women Ch.2016"]
[Site "Tehran"]
[Date "2016.01.22"]
[Round "1.9"]
[White "Azali, Tannaz"]
[Black "Lotfi, Aylar"]
[Result "0-1"]
[BlackElo "1973"]
[WhiteElo "1818"]
[LiveChessVersion "1.4.7"]

1. d4 Nf6 2. c4 c5 3. d5 b5 4. g3 d6 5. Bg2 g6 6. Nf3 Bg7 7. O-O O-O 8. Re1 Bb7
9. e4 Nbd7 10. e5 Ng4 11. exd6 exd6 12. Nc3 bxc4 13. Bg5 Qb6 14. Rb1 h6 15. Bf4
Nge5 16. Nd2 Ba6 17. Bxe5 Nxe5 18. Na4 Qb4 19. a3 Qa5 20. Re3 h5 21. Ne4 Qc7 22.
Nexc5 dxc5 23. d6 Qd8 24. Nxc5 Bb5 25. Bxa8 Qxa8 26. a4 Bc6 27. Qe1 Nf3+ 28. Rxf3
Bxf3 29. d7 Bd4 30. Ne6 Bh1 31. Nf4 g5 32. Qe7 gxf4 33. Qg5+ Bg7 34. gxf4 Bf3 35.
Re1 f6 36. Qg6 Qd8 37. Qe8 Kh7 38. Qe6 Bg4 39. f5 Rg8 40. Qxg8+ Qxg8 41. Re8 Qd5
42. d8=Q Qxf5 43. Re1 Bf3 44. Qd6 h4 45. h3 Qg5+ 0-1

[Event "Iran Women Ch.2016"]
[Site "Tehran"]
[Date "2016.01.22"]
[Round "1.10"]
[White "Karimi, Yeganeh"]
[Black "Hashemi, Seyede Fatemeh"]
[Result "*"]
[BlackElo "1812"]
[WhiteElo "1971"]
[LiveChessVersion "1.4.7"]

1. e4 c6 2. d4 d5 3. Nd2 dxe4 4. Nxe4 Bf5 5. Ng3 Bg6 6. h4 h6 7. N1e2 Nf6 8. Nf4
Bh7 9. Bc4 e6 10. O-O Bd6 11. Re1 O-O 12. c3 Nbd7 13. Nxe6 fxe6 14. Rxe6 Kh8 15.
Rxd6 Ne8 16. Re6 Bg8 17. Qh5 Nef6 18. Qf5 Bxe6 19. Qxe6 Qe8 20. Be3 Nb6 21. Nf5
Nxc4 22. Qxc4 Nd5 23. g4 Qg6 24. Ng3 Nxe3 25. fxe3 Qxg4 26. Kg2 Rf3 *